000 01714nam a2200253Ia 4500
999 _c53023
_d53023
001 20056
003 GE_BSU
005 20250415153753.0
008 181216s2009||||ge |||||||||||||| ||geo||
020 _a978-9941-409-39-4
040 _cGE_BSU
041 _ageo
100 _aმარგველაშვილი, გოგოლა
_916741
245 _aფოსფორი საქართველოს ინტენსიური მიწათმოქმედების ნიადაგებში და ფოსფორიანი სასუქების ეფექტიანობა :
_b[მონოგრაფია] /
_cგ.ნ. მარგველაშვილი, ნ.ო. კიკნაძე ; [რედ. და წინასიტყვ. ო.გ. ონიანი].
264 _aბათუმი :
_bშოთა რუსთაველის სახელმწ. უნ-ტის გამ-ბა და სტ.,
_c2009.
300 _a490 გვ. :
_bცხრ., დიაგრ. ;
_c20 სმ..
504 _aბიბლიოგრ. : გვ. 485-486
653 _aსოფლის მეურნეობა
653 _aფოსფორი საქართველოს ინტენსიური მიწათმოქმედების ნიადაგებში და ფოსფორიანი სასუქების ეფექტიანობა
653 _aფოსფორიანი სასუქები
700 _aკიკნაძე, ნინო,
_eავტორი
_924809
700 _a ონიანი, ო.
_eრედაქტორი
_924810
942 _cBK
_2udc